Va banque 1060 - Statystyki

Ogólne statystyki
  • Ten quiz został rozwiązany 7 razy
  • Średni wynik to 13 z 57
Statystyki odpowiedzi
Hint Odpowiedź % Poprawnych
Dynamitu lub cynamonu. laska
100%
Stolica afrykańskiego państwa, powstała z symboli pierwiastków: bizmut, siarka, siarka, złoto. Bissau
71%
Stolica afrykańskiego państwa, powstała z symboli pierwiastków: potas, jod, gal, lit. Kigali
71%
Rzymska bogini księżyca. Luna
71%
Blask pożaru. łuna
71%
Stolica afrykańskiego państwa, powstała z symboli pierwiastków: sód, iryd, tlen, bizmut. Nairobi
71%
Z tej rośliny otrzymuje się nikotynę, której nazwa pochodzi od nazwiska francuskiego lekarza. tytoń
71%
Ktoś, kto lubi się przechwalać. chwalipięta
57%
To nagranie wstępnej wersji utworu, rodzaj szkicu np piosenki. demo
57%
Inaczej nekrolog. klepsydra
57%
Inaczej przylepka- odkrojona końcówka chleba. piętka
57%
Stolica afrykańskiego państwa, powstała z symboli pierwiastków: rad, bor, astat. Rabat
57%
To amerykańska muzyka folkowa tworzona przez potomków osadników z Europy? country
43%
Jest autorem wiersza dla dzieci "Ptasie radio". Julian Tuwim
43%
Z tej rośliny wyrabia się lateks, kauczuk i wyroby gumowe. kauczukowiec
43%
Taniec ludowy popularny na Bałkanach. kolo
43%
Z problemem kwadratury. koło
43%
Afrykański łańcuch górski. Atlas
29%
Z prawej błyszczący, z lewej matowy. atłas
29%
Z tej rośliny wyrabia się berberynę, która pozyskiwana jest z łodyg i korzeni oraz ma zastosowanie w ziołolecznictwie. berberys
29%
Ten lider zespołu 30 Seconds to Mars w filmie "Witaj w klubie" zagrał transpłciową Rayon. Jared Leto
29%
Z tej rośliny uzyskuje się szafran, zawierający barwnik krocynę. krokus
29%
Przy tym projekcie wojskowym jedyny raz pracowali wspólnie: Fermi, Oppenheimer, Feynman oraz Bohr. Manhattan
29%
To naczelne hasło rewolucji francuskiej. wolność, równość, braterstwo
29%
To stworzenie odmiennej stylistycznie wersji utworu, np na inny skład instrumentalno-wokalny. aranżacja
14%
Który autor stworzył postać Winstona Smitha? George Orwell
14%
Śpiewa "Mam tę moc". Katarzyna Łaska
14%
Lubiany przez twórców dyktand ptak-gżegżółka. kukułka
14%
Ten przekład Starego Testamentu na grekę, według legendy dokonany został przez 72 tłumaczy w ciągu 70 dni. Septuaginta
14%
Ktoś bardzo ruchliwy, kto nie może usiedzieć w miejscu. wiercipięta
14%
Kto jest autorem sentencji: "Życie jest jak jazda na rowerze, aby utrzymać równowagę, musisz być w ciągłym ruchu". Albert Einstein
0%
Legendą tego nurtu jazzu jest B.B.King. blues
0%
W tym filmie duet Newman/Redford zagrał tytułowe role, a duet Bacharach/David napisał do niego oscarową piosenkę. Butch Cassidy and the Sundance Kid
0%
Za rolę w komedii "Wpływ księżyca" otrzymała Oscara dla najlepszej aktorki pierwszoplanowej. Cher
0%
W baśni fantasy "Labirynt" króla Goblinów zagrał ten brytyjski artysta. David Bowie
0%
Konstytuanta wprowadziła te nowe jednostki administracji terytorialnej, które przetrwały do dziś. departamenty
0%
W powiedzeniu- doganiać kogoś. deptać komuś po piętach
0%
Z tej rośliny uzyskuje się smoczą krew, która służy do wyrobu lakieru i werniksu. dracena
0%
Inaczej szlagier. evergreen
0%
W 1974 roku na Mundialu byli asystentami Kazimierza Górskiego, potem sami zostali selekcjonerami. Jacek Gmoch, Andrzej Strejlau
0%
Stworzył postać kapitana Johna Yossariana. Joseph Heller
0%
To nazwa klubu i ugrupowania założonego w Wersalu jako Klub Bretoński, pochodząca od jego paryskiej siedziby. Klub Jakobinów
0%
Stolica afrykańskiego państwa, powstała z symboli pierwiastków: potas, tlen, sód, krypton, itr. Konakra
0%
Francuski taniec dworski ze skocznymi figurami. kurant
0%
Stworzył postać Eberharda Mocka. Marek Krajewski
0%
Który autor stworzył postać Arsène'a Lupina. Maurice Leblanc
0%
28.07.1794 roku stracono tego wybitnego mówcę i adwokata, zwanego "Nieprzekupnym". Maximilien Robespierre
0%
Codziennie przynosił kubek nektaru małemu Zeusowi, którego matka Gaja, ukryła w zawieszonej na drzewie kołysce. orzeł
0%
Ma długi język. plotkarz
0%
Wśród lekkoatletów. płotkarz
0%
Stanisława Przybyszewska opisała mechanizmy rewolucji francuskiej w książce o tym tytule Sprawa Dantona
0%
Jeden z atrybutów Ateny, greckiej bogini mądrości. tarcza
0%
W "Mad Max pod Kopułą Gromu" zagrała bezwzględną cioteczkę Entity. Tina Turner
0%
Tracić jasność myślenia lub działać chaotycznie (wyrażenie). tracić grunt pod nogami
0%
Temu amerykańskiemu pisarzowi rozgłos przyniósł debiutancki "Ptasiek". William Wharton
0%
Inaczej rada. wskazówka
0%
Który autor stworzył postać Teodora Szackiego? Zygmunt Miłoszewski
0%
Nie znaleziono quizów pasujących do podanych kryteriów
Rozkład punktacji
Procent ludzi z każdym wynikiem
Percentyl według liczby udzielonych odpowiedzi
Twoja historia wyników
Nie rozwiązałeś tego quizu